Villes frontalières du Grand Paris - Statistiques

Statistiques générales
  • Ce quiz a été pris 45 fois
  • Le résultat moyen est 18 sur 54
Statistiques - réponses
Hint Réponse % Correct
Versailles
75%
Massy
56%
Sarcelles
56%
Garges-lès-Gonesse
50%
Chatou
47%
Roissy-en-France
47%
Chelles
44%
Le Chesnay-Rocquencourt
44%
Val d'Oise (95) Bezons
41%
Bougival
41%
Carrières-sur-Seine
41%
Croissy-sur-Seine
41%
Enghien-les-Bains
41%
Montgeron
41%
Val d'Oise (95) Saint-Gratien
41%
Yvelines (78) Vélizy-Villacoublay
41%
Yerres
41%
Brunoy
38%
Val d'Oise (95) Cormeilles-en-Parisis
38%
Gonesse
38%
La Celle-Saint-Cloud
38%
Pontault-Combault
38%
Sannois
38%
Yvelines (78) Sartrouville
38%
Crosne
34%
Grigny
34%
Montmagny
34%
Viroflay
34%
Bièvres
31%
Deuil-la-Barre
31%
Draveil
31%
Longjumeau
31%
Mitry-Mory
31%
Verrières-le-Buisson
31%
Vigneux-sur-Seine
31%
Champs-sur-Marne
28%
Villeparisis
28%
Wissous
28%
Chilly-Mazarin
25%
Bonneuil-en-France
22%
Brie-Comte-Robert
22%
Émerainville
22%
Le Mesnil-Amelot
22%
Morsang-sur-Orge
22%
Boussy-Saint-Antoine
19%
Épinay-sous-Sénart
19%
Épinay-sur-Orge
19%
Courtry
16%
Fleury-Mérogis
16%
Seine-et-Marne (77) Mauregard
16%
Essonne (91) Varennes-Jarcy
16%
Lésigny
13%
Servon
13%
Villemoisson-sur-Orge
13%
Aucun quiz correspondant
Distribution des résultats
% des personnes avec chaque résultat
Percentile par nombre de réponses
Votre historique - résultats
Vous n’avez pas pris ce quiz